000 00563nam a2200193 4500
001 VA61295
003 ES-SlBCS
005 20210601161056.0
008 140520s1971 xxu||||| |||| 00| 0 spa d
017 _aM-2839-1971
041 _aspa
100 1 _aCullmann, Oscar
_911288
245 1 0 _aJesús y los revolucionarios de su tiempo
_b:Culto. Sociedad. Política
_cOscar Cullmann; Eloy Requena
260 _aMadrid :
_bStudium
_c, 1971
300 _a75 p.;
_c18 cm
600 0 4 _aJesucristo-Revolucionarios
_9397703
700 1 _aRequena, Eloy
_994473
942 _cBK
999 _c837451
_d837451